000 01582nam a22002777a 4500
999 _c59713
_d59713
003 Ge_BSU
005 20230405120353.0
008 230405s1986 ge ||||| |||| 00| 0 geo d
041 _ageo
080 _a7(3-11)(09) ა-91
100 _aაფანასიევა, ვ.
_917486
245 _aძველი აღმოსავლეთის ხელოვნება :
_bხელოვნების მცირე ისტორია /
_cვ. აფანასიევა, ე. ლუკონინი, ნ. პომერანცევა; თარგმ. ლ. შენგელიასი; რედ.: ზ. კიკნაძე.
250 _a1-ლი გამოცემა
264 _aთბილისი :
_bნაკადული,
_c1986.
300 _a367 გვ. :
_bილ. ;
_c22 სმ.
504 _aბიბლიოგრ.: გვ. 364-367.
653 _aძველი აღმოსავლეთის ხელოვნება
653 _aხელოვნების ისტორია
653 _aთარგმანები ქართულ ენაზე
700 _aლუკონინი, ე.
_eავტორი
_917487
700 _aპომერანცევა, ნ.
_eავტორი
_917488
700 _aყავლაშვილი, ჯიბო
_eილუსტრატორი
_917489
700 _aკიკნაძე, ზ.
_eრედაქტორი
_98082
700 _aშენგელია, ლ.
_eმთარგმნელი
_9580
942 _2udc
_cBK